City By Picture Quiz #1 - Statistics

General Stats
  • This quiz has been taken 10 times
  • The average score is 5 of 8
Answer Stats
Picture Answer % Correct
New York City
100%
Venice
90%
Paris
80%
Shanghai
70%
Hong Kong
40%
Madrid
40%
Jakarta
30%
Rome Italy
0%
No matching quizzes found
Score Distribution
Percent of People with Each Score
Percentile by Number Answered
Your Score History
You have not taken this quiz